| 000 | nam a22 7a 4500 | ||
|---|---|---|---|
| 999 |
_c7839 _d7839 |
||
| 008 | 171027b xxu||||| |||| 00| 0 eng d | ||
| 020 | _a9789380704340 | ||
| 100 |
_aSingh Inderbir _94312 |
||
| 245 |
_aTextbook of Human Hostology _bwith color Atlas and Practical Guide |
||
| 250 | _a6th edition | ||
| 260 |
_aNew Delhi _bJaypee Brothers Publishers _c2010 |
||